[Event "Titled Tue 20th May Late"]
[Site "chess.com INT"]
[Date "2025.05.20"]
[Round "5"]
[White "Rees, Ioan"]
[Black "Vila Dupla, Aurelio"]
[Result "1/2-1/2"]
[WhiteTitle "FM"]
[BlackTitle "FM"]
[WhiteElo "2288"]
[BlackElo "2056"]
[WhiteFideId "1801236"]
[BlackFideId "2203383"]
[EventDate "2025.05.20"]

1. Nf3 Nf6 2. g3 g6 3. b3 Bg7 4. Bb2 O-O 5. Bg2 d6 6. d4 Nc6 7. d5 Nb8 8. O-O e5
9. c4 a5 10. Nc3 Nbd7 11. Ne1 Nc5 12. a3 Bd7 13. b4 axb4 14. axb4 Rxa1 15. Qxa1
Na6 16. Qa3 Qc8 17. c5 Bh3 18. e4 Bxg2 19. Kxg2 Nh5 20. f3 f5 21. Nd3 Bh6 22.
Bc1 Bxc1 23. Qxc1 fxe4 24. Nxe4 Qd7 25. Qc4 Nf6 26. b5 Nxe4 27. fxe4 Rxf1 28.
Kxf1 Nxc5 29. Nxc5 dxc5 30. Qxc5 Qd6 31. Qxd6 cxd6 32. Ke2 g5 33. h4 g4 34. Kd3
b6 35. Ke2 h5 36. Ke3 Kf7 37. Ke2 Ke7 38. Ke3 Kf7 39. Ke2 Ke7 40. Ke3 Kf7 1/2-1/2

[Event "Titled Tue 20th May Late"]
[Site "chess.com INT"]
[Date "2025.05.20"]
[Round "5"]
[White "Buchenau, Frank"]
[Black "Swara Lakshmi S Nair"]
[Result "1-0"]
[WhiteTitle "FM"]
[BlackTitle "WCM"]
[WhiteElo "2190"]
[BlackElo "2178"]
[WhiteFideId "4604350"]
[BlackFideId "25629239"]
[EventDate "2025.05.20"]

1. e4 c5 2. g3 d5 3. exd5 Qxd5 4. Nf3 Nf6 5. Bg2 e6 6. O-O Be7 7. Nc3 Qd8 8. d4
O-O 9. Be3 cxd4 10. Nxd4 e5 11. Ndb5 Nc6 12. Qe2 Bg4 13. f3 Be6 14. Rad1 Qa5 15.
a3 Rac8 16. b4 Qa6 17. Rfe1 Rfd8 18. Qf2 Nd4 19. Bf1 Nxb5 20. Nxb5 Bc4 21. Nxa7
Bxf1 22. Nxc8 Rxc8 23. Rxf1 Qxa3 24. Bc5 Bxc5 25. bxc5 e4 26. fxe4 Qc3 27. Qd4
Qxc2 28. Qd8+ 1-0

[Event "Titled Tue 20th May Late"]
[Site "chess.com INT"]
[Date "2025.05.20"]
[Round "5"]
[White "Platzgummer, Fabian"]
[Black "Yilmaz, Baver"]
[Result "0-1"]
[WhiteTitle "IM"]
[BlackTitle "FM"]
[WhiteElo "2295"]
[BlackElo "2233"]
[WhiteFideId "1617222"]
[BlackFideId "26363542"]
[EventDate "2025.05.20"]

1. Nf3 Nf6 2. g3 g6 3. Bg2 Bg7 4. O-O d5 5. d4 O-O 6. c4 dxc4 7. Qa4 Nc6 8. Qxc4
Nd7 9. Nc3 Nb6 10. Qd3 Nxd4 11. Rd1 c5 12. Bf4 Bf5 13. e4 Bg4 14. Rd2 Bxf3 15.
Bxf3 Nc4 16. Rdd1 Nxb2 17. Qe3 Nxd1 18. Rxd1 e5 19. Bg5 f6 20. Bh4 g5 21. Nd5
gxh4 22. gxh4 Qd7 23. h5 Kh8 24. Kh1 Nxf3 25. Qxf3 f5 26. h6 Bxh6 27. Qh5 Qe6
28. Nc7 Qg6 29. Qh4 Bg5 30. Qg3 Rad8 31. Nd5 fxe4 32. Qxe5+ Bf6 33. Qe6 Bd4 0-1

[Event "Titled Tue 20th May Late"]
[Site "chess.com INT"]
[Date "2025.05.20"]
[Round "5"]
[White "Grzesik, Gracjan"]
[Black "Roberson, Peter T"]
[Result "0-1"]
[WhiteTitle "CM"]
[BlackTitle "IM"]
[WhiteElo "2175"]
[BlackElo "2440"]
[WhiteFideId "1194593"]
[BlackFideId "412384"]
[EventDate "2025.05.20"]

1. c4 e5 2. Nc3 d6 3. Nf3 f5 4. d4 e4 5. Ng5 Be7 6. Nh3 Nf6 7. Nf4 c6 8. e3 O-O
9. h4 Na6 10. Be2 Nc7 11. d5 a6 12. b3 cxd5 13. Ncxd5 Nfxd5 14. cxd5 Bf6 15. Rb1
b5 16. Bb2 Be5 17. g3 Bb7 18. O-O Bxf4 19. exf4 Nxd5 20. Qd4 Qf6 21. Qd2 Qf7 22.
Rfd1 Rfe8 23. Bd4 e3 24. fxe3 Qg6 25. Kf2 Nf6 26. Bxf6 Qxf6 27. Bf3 Bxf3 28.
Kxf3 Re6 29. Qd5 Re8 30. Rd3 h6 31. Rc1 Kh7 32. Rc7 Qa1 33. Qb7 Qf1# 0-1

[Event "Titled Tue 20th May Late"]
[Site "chess.com INT"]
[Date "2025.05.20"]
[Round "5"]
[White "Naranjo Moreno, Antonio"]
[Black "Szpar, Milosz"]
[Result "0-1"]
[WhiteTitle "FM"]
[BlackTitle "IM"]
[WhiteElo "2289"]
[BlackElo "2475"]
[WhiteFideId "2278626"]
[BlackFideId "1184989"]
[EventDate "2025.05.20"]

1. e4 e6 2. d4 d5 3. Nc3 Nf6 4. e5 Nfd7 5. f4 c5 6. Nf3 Nc6 7. Be3 Be7 8. Qd2
O-O 9. dxc5 Qa5 10. a3 a6 11. Be2 Bxc5 12. O-O Qb6 13. Bxc5 Nxc5 14. Kh1 Ne4 15.
Nxe4 dxe4 16. Ng5 Rd8 17. Qc3 Nd4 18. Bh5 g6 19. Nxe4 Bd7 20. Nf6+ Kg7 21. Rad1
Bc6 22. Qh3 h6 23. Ng4 gxh5 24. Qxh5 Nf5 25. Nf6 Ne3 0-1

[Event "Titled Tue 20th May Late"]
[Site "chess.com INT"]
[Date "2025.05.20"]
[Round "5"]
[White "Zavortink, Matt"]
[Black "Vykouk, Jan"]
[Result "0-1"]
[BlackTitle "IM"]
[WhiteElo "2135"]
[BlackElo "2496"]
[WhiteFideId "2034263"]
[BlackFideId "349658"]
[EventDate "2025.05.20"]

1. e4 c5 2. Nf3 d6 3. d4 cxd4 4. Nxd4 Nf6 5. Nc3 g6 6. Be3 Nc6 7. f3 h5 8. Qd2
Nxd4 9. Bxd4 Bh6 10. Be3 Bxe3 11. Qxe3 Be6 12. Bb5+ Kf8 13. O-O Qa5 14. Bd3 Rc8
15. Ne2 Qc5 16. Qxc5 Rxc5 17. Nd4 g5 18. Kf2 h4 19. Ke3 Kg7 20. c3 a6 21. g3
hxg3 22. hxg3 g4 23. f4 Rh3 24. Ne2 Nh5 25. Kf2 Bc4 26. Bxc4 Rxc4 27. Rh1 Rxe4
28. Rxh3 gxh3 29. Kf3 f5 30. g4 Rxe2 31. Kxe2 fxg4 32. Rg1 h2 33. Rxg4+ Kf6 34.
Rh4 Ng3+ 35. Kf3 h1=Q+ 0-1

[Event "Titled Tue 20th May Late"]
[Site "chess.com INT"]
[Date "2025.05.20"]
[Round "5"]
[White "Erece, Ece Alkim"]
[Black "Albertini, Luca"]
[Result "1-0"]
[WhiteTitle "WCM"]
[WhiteElo "1843"]
[BlackElo "2139"]
[WhiteFideId "6346006"]
[BlackFideId "847038"]
[EventDate "2025.05.20"]

1. e4 e5 2. Nf3 Nc6 3. Bc4 Bc5 4. c3 Nf6 5. d3 h6 6. O-O a6 7. d4 exd4 8. cxd4
Ba7 9. d5 Nb8 10. e5 Ng8 11. d6 b5 12. Bxf7+ Kxf7 13. Qd5+ Kg6 14. Qe4+ Kf7 15.
Qxa8 Nc6 16. Nc3 cxd6 17. exd6 Nf6 18. Be3 Bxe3 19. fxe3 Qb6 20. Rae1 Rd8 21.
Ne5+ Nxe5 22. Qd5+ Kg6 23. Qxe5 Bb7 24. Ne2 Re8 25. Rxf6+ gxf6 26. Qxe8+ Kg5 27.
Nd4 Qxd6 28. Qg8+ Kh5 29. g4+ Kh4 30. Nf5+ 1-0

[Event "Titled Tue 20th May Late"]
[Site "chess.com INT"]
[Date "2025.05.20"]
[Round "5"]
[White "Toncheva, Nadya"]
[Black "Bukreev, Stanislav"]
[Result "0-1"]
[WhiteTitle "FM"]
[BlackTitle "FM"]
[WhiteElo "2332"]
[BlackElo "2328"]
[WhiteFideId "2924056"]
[BlackFideId "34252347"]
[EventDate "2025.05.20"]

1. e4 e6 2. d4 d5 3. Nd2 c5 4. exd5 Qxd5 5. Ngf3 cxd4 6. Bc4 Qd7 7. O-O Nf6 8.
Nb3 Nc6 9. Nbxd4 Nxd4 10. Qxd4 Qxd4 11. Nxd4 Bd7 12. Bf4 Rc8 13. Bd3 Nd5 14. Bg3
Bc5 15. Nb3 Bb6 16. c3 O-O 17. a4 a6 18. a5 Ba7 19. Rfd1 Rfd8 20. Kf1 Bc6 21.
Ke2 h6 22. Nd4 Bxd4 23. cxd4 Nb4 24. f3 Nxd3 25. Kxd3 Bb5+ 26. Ke3 Rc2 27. Rd2
Rxd2 28. Kxd2 Rxd4+ 29. Kc3 Rd5 30. Bf2 e5 31. Bb6 f6 32. Re1 Kf7 33. Re3 g5 34.
g3 Rd1 35. f4 exf4 36. gxf4 g4 37. h3 f5 38. Re5 g3 39. Rxf5+ Kg6 40. Rf8 Kg7
41. Rd8 Rc1+ 42. Kd2 Rb1 43. Kc2 Rh1 44. Rd1 Ba4+ 45. b3 Bxb3+ 0-1

[Event "Titled Tue 20th May Late"]
[Site "chess.com INT"]
[Date "2025.05.20"]
[Round "5"]
[White "Sheehan, Ethan"]
[Black "Bluebaum, Matthias"]
[Result "0-1"]
[BlackTitle "GM"]
[WhiteElo "2380"]
[BlackElo "2660"]
[WhiteFideId "30943965"]
[BlackFideId "24651516"]
[EventDate "2025.05.20"]

1. d4 d5 2. c4 e6 3. Nc3 Bb4 4. cxd5 exd5 5. Bf4 c5 6. e3 c4 7. Ne2 Nc6 8. a3
Ba5 9. Qc2 Be6 10. Bg3 Nge7 11. Nf4 Bf5 12. Qd2 O-O 13. Be2 Bc7 14. O-O Na5 15.
Rae1 Nb3 16. Qd1 a6 17. f3 b5 18. e4 Be6 19. Nxe6 fxe6 20. Bf2 Nc6 21. exd5 exd5
22. g3 Ncxd4 23. Kg2 Bb6 24. f4 Nxe2 25. Qxe2 Bxf2 26. Rxf2 d4 27. Qe6+ Kh8 28.
Ne4 Qc8 29. Qd5 Qf5 30. Qc6 Rac8 31. Qxa6 Qd5 32. Kg1 Rce8 0-1

[Event "Titled Tue 20th May Late"]
[Site "chess.com INT"]
[Date "2025.05.20"]
[Round "5"]
[White "Mohammed, Dilshad"]
[Black "Velikanov, Alexander"]
[Result "0-1"]
[BlackTitle "IM"]
[WhiteElo "2079"]
[BlackElo "2372"]
[WhiteFideId "5050421"]
[BlackFideId "2039290"]
[EventDate "2025.05.20"]

1. d4 Nf6 2. Nf3 g6 3. g3 Bg7 4. Bg2 O-O 5. O-O d6 6. a4 Nbd7 7. a5 a6 8. c4 e5
9. Nc3 exd4 10. Nxd4 Re8 11. e4 Nc5 12. Re1 Ne6 13. Nc2 h6 14. Be3 Ng5 15. Bxg5
hxg5 16. Qd2 Nd7 17. Rab1 Ne5 18. Ne3 g4 19. Rbd1 Qg5 20. Ned5 Qxd2 21. Rxd2
Nxc4 22. Nxc7 Nxd2 23. Nxe8 Be6 24. Nxd6 Rd8 25. Nxb7 Rb8 26. e5 Nf3+ 27. Bxf3
gxf3 28. Nc5 Bc4 29. b3 Bxb3 30. Rb1 Rc8 31. Rxb3 Rxc5 32. h4 Rxe5 33. Nb1 Re1+
34. Kh2 Rf1 35. g4 Be5+ 36. Kh3 Rh1# 0-1

[Event "Titled Tue 20th May Late"]
[Site "chess.com INT"]
[Date "2025.05.20"]
[Round "5"]
[White "Mottola, Max"]
[Black "Ahmad, Khagan"]
[Result "0-1"]
[BlackTitle "IM"]
[WhiteElo "2128"]
[BlackElo "2405"]
[WhiteFideId "30985862"]
[BlackFideId "13431552"]
[EventDate "2025.05.20"]

1. d4 Nf6 2. Bf4 b6 3. Nf3 Bb7 4. e3 Nh5 5. Bg5 h6 6. Bh4 g5 7. Ne5 Nf6 8. Bg3
d6 9. Nf3 Nbd7 10. Nbd2 Bg7 11. Bd3 c5 12. c3 Nh5 13. Qe2 Nxg3 14. hxg3 e6 15.
O-O-O Qc7 16. Kb1 O-O-O 17. e4 Kb8 18. Nf1 g4 19. Nh4 cxd4 20. Qxg4 Rhg8 21.
cxd4 Bxd4 22. Qe2 Nc5 23. Nf3 Bg7 24. Rc1 Qe7 25. N1h2 Rc8 26. Ng4 Na4 27. e5
dxe5 28. Ngxe5 Nc5 29. Bb5 Rgd8 30. Rhd1 a6 31. Bc4 Rxd1 32. Rxd1 Qc7 33. Qe3
Be4+ 34. Ka1 Bxe5 35. Nxe5 Qxe5 36. f3 Qg5 37. Qxg5 hxg5 38. fxe4 Nxe4 39. Bxa6
Rc7 40. a3 Nxg3 41. Rd8+ Ka7 42. Bb5 Ne4 43. Rg8 f5 44. Re8 Nd6 0-1

[Event "Titled Tue 20th May Late"]
[Site "chess.com INT"]
[Date "2025.05.20"]
[Round "5"]
[White "Caruana, Fabiano"]
[Black "Bernadskiy, Vitaliy"]
[Result "1-0"]
[WhiteTitle "GM"]
[BlackTitle "GM"]
[WhiteElo "2776"]
[BlackElo "2523"]
[WhiteFideId "2020009"]
[BlackFideId "14100371"]
[EventDate "2025.05.20"]

1. e4 d6 2. d4 Nf6 3. Bd3 e5 4. Nf3 exd4 5. Nxd4 g6 6. O-O Bg7 7. Nc3 Nc6 8.
Nxc6 bxc6 9. f4 O-O 10. Kh1 Nd7 11. Be3 a5 12. Qd2 Ba6 13. Rae1 Qb8 14. Bxa6
Rxa6 15. Qd3 Ra8 16. b3 Qb4 17. Na4 Rfe8 18. c4 c5 19. Bd2 Qb7 20. Nc3 a4 21.
Nxa4 Rxa4 22. bxa4 Qa6 23. e5 Re6 24. a5 Nf8 25. Bc3 dxe5 26. fxe5 Re7 27. Qe4
Ne6 28. Rb1 h5 29. h3 Kh7 30. Rb5 Rd7 31. Qb7 Qxb7 32. Rxb7 Rd3 33. Rb3 1-0

[Event "Titled Tue 20th May Late"]
[Site "chess.com INT"]
[Date "2025.05.20"]
[Round "5"]
[White "Ibarra Jerez, Jose Carlos"]
[Black "Shubenkova, Veronika"]
[Result "1-0"]
[WhiteTitle "GM"]
[BlackTitle "WFM"]
[WhiteElo "2545"]
[BlackElo "2024"]
[WhiteFideId "2226332"]
[BlackFideId "44124040"]
[EventDate "2025.05.20"]

1. e4 e6 2. d4 d5 3. Nc3 Nf6 4. Bg5 Be7 5. e5 Nfd7 6. Bxe7 Qxe7 7. Qg4 O-O 8.
Bd3 f5 9. exf6 Nxf6 10. Qh4 Re8 11. O-O-O Nbd7 12. Nf3 Nf8 13. Rhe1 c5 14. dxc5
Qxc5 15. g4 Qb4 16. Ne5 Bd7 17. Qg3 Rac8 18. a3 Qe7 19. g5 Nh5 20. Qh4 g6 21.
Ng4 Bc6 22. f4 Qd6 23. f5 exf5 24. Nh6+ Kg7 25. Qd4+ Nf6 26. Bxf5 Rxe1 27. Rxe1
Rc7 28. Bd3 Bd7 29. gxf6+ 1-0

[Event "Titled Tue 20th May Late"]
[Site "chess.com INT"]
[Date "2025.05.20"]
[Round "5"]
[White "Tkachenko, Erik"]
[Black "Perez Rojas, Jorge"]
[Result "1/2-1/2"]
[BlackTitle "FM"]
[WhiteElo "2028"]
[BlackElo "2100"]
[WhiteFideId "30902967"]
[BlackFideId "3452093"]
[EventDate "2025.05.20"]

1. e4 e6 2. d4 d5 3. e5 c5 4. c3 Nc6 5. Nf3 Bd7 6. Bd3 c4 7. Bc2 b5 8. Ng5 g6 9.
Qf3 Qe7 10. h4 h6 11. Nh3 Bg7 12. h5 g5 13. Qg3 f6 14. f4 fxe5 15. Bg6+ Kd8 16.
fxe5 Kc7 17. Na3 a6 18. O-O Rf8 19. Bd2 Qd8 20. Rxf8 Bxf8 21. Nc2 Nge7 22. a4
Kb6 23. axb5 axb5 24. Bf7 Nf5 25. Qf2 Be7 26. Bg6 Rf8 27. Qe2 Be8 28. Bxe8 Qxe8
29. g4 Nh4 30. Rf1 Rxf1+ 31. Qxf1 Kc7 32. Kh2 Kb6 33. Kg3 Kc7 34. Ne3 Kb6 35.
Nc2 Kc7 36. Bc1 Kb6 37. Bd2 1/2-1/2

[Event "Titled Tue 20th May Late"]
[Site "chess.com INT"]
[Date "2025.05.20"]
[Round "5"]
[White "Gelman, Alexander"]
[Black "Shoboev, Dandar"]
[Result "1-0"]
[WhiteTitle "IM"]
[BlackTitle "FM"]
[WhiteElo "2403"]
[BlackElo "2252"]
[WhiteFideId "4118316"]
[BlackFideId "44197012"]
[EventDate "2025.05.20"]

1. d4 Nf6 2. Nc3 d5 3. Bf4 a6 4. e3 e6 5. g4 c5 6. g5 Nfd7 7. Nf3 Nc6 8. h4 Be7
9. Bh3 b5 10. Ne2 Bb7 11. c3 b4 12. Bg3 Qb6 13. Nf4 Nf8 14. h5 g6 15. Bg4 Rg8
16. hxg6 hxg6 17. Kf1 a5 18. Kg2 Rd8 19. Rc1 c4 20. b3 bxc3 21. Rxc3 Bb4 22. Rc1
Ne7 23. Ne5 Nd7 24. Nxf7 Kxf7 25. Rh7+ Ke8 26. Bxe6 Rf8 27. Qg4 Bc6 28. bxc4
dxc4+ 29. d5 Bb5 30. Nxg6 Nxg6 31. Qh5 Rg8 32. Bxg8 Nf8 33. Bf7+ Kd7 34. Bxg6+
Kc8 35. Bf5+ Nd7 36. Qf7 Qc5 37. g6 c3 38. g7 Bc4 39. g8=Q Kb7 40. Qxd8 Bxd5+
41. Qxd5+ Qxd5+ 42. e4 1-0

[Event "Titled Tue 20th May Late"]
[Site "chess.com INT"]
[Date "2025.05.20"]
[Round "5"]
[White "Nguyen, Ngoc Truong Son"]
[Black "Atis, Hasan"]
[Result "1-0"]
[WhiteTitle "GM"]
[BlackTitle "CM"]
[WhiteElo "2632"]
[BlackElo "2089"]
[WhiteFideId "12401110"]
[BlackFideId "44598017"]
[EventDate "2025.05.20"]

1. e4 c5 2. c3 e6 3. d4 cxd4 4. cxd4 d5 5. e5 b6 6. Nf3 Ne7 7. Nc3 Nec6 8. h4
Be7 9. h5 h6 10. Rh3 Kf8 11. Be3 Ba6 12. g4 Bxf1 13. Kxf1 Na5 14. b3 Nbc6 15.
Qd2 Rc8 16. g5 hxg5 17. Bxg5 Bxg5 18. Nxg5 Nxd4 19. Nxf7 Kxf7 20. Qxd4 Qg5 21.
Nb5 Rc2 22. Qd3 Rd2 23. Qg6+ Qxg6 24. hxg6+ Kg8 25. Rc1 Nc4 26. Rxh8+ 1-0

[Event "Titled Tue 20th May Late"]
[Site "chess.com INT"]
[Date "2025.05.20"]
[Round "5"]
[White "Karthikeyan, Murali"]
[Black "Ozates, Tuna"]
[Result "1-0"]
[WhiteTitle "GM"]
[BlackTitle "FM"]
[WhiteElo "2658"]
[BlackElo "2217"]
[WhiteFideId "5074452"]
[BlackFideId "6354521"]
[EventDate "2025.05.20"]

1. Nf3 d6 2. d4 Nf6 3. c4 Nbd7 4. Nc3 e5 5. e4 Be7 6. d5 O-O 7. h3 Nc5 8. Qc2 a5
9. Be3 b6 10. Be2 Ne8 11. Nd2 f5 12. exf5 Bxf5 13. Nde4 Nf6 14. Bxc5 bxc5 15.
Nxf6+ Rxf6 16. Bd3 Bxd3 17. Qxd3 Rf4 18. Ne4 a4 19. g3 Rf8 20. O-O Rb8 21. Rab1
Qe8 22. Kg2 Qg6 23. b3 axb3 24. Rxb3 Rxb3 25. axb3 Ra8 26. Rb1 h5 27. b4 cxb4
28. Rxb4 h4 29. g4 Bg5 30. Rb7 Rc8 31. c5 Bf4 32. cxd6 cxd6 33. Rd7 Qe8 34. Nf6+ 1-0

[Event "Titled Tue 20th May Late"]
[Site "chess.com INT"]
[Date "2025.05.20"]
[Round "5"]
[White "Tari, Aryan"]
[Black "Bernabeu Lopez, Carlos Javier"]
[Result "0-1"]
[WhiteTitle "GM"]
[BlackTitle "FM"]
[WhiteElo "2636"]
[BlackElo "2402"]
[WhiteFideId "1510045"]
[BlackFideId "2235366"]
[EventDate "2025.05.20"]

1. e4 e5 2. Nf3 Nf6 3. Nc3 Nc6 4. h3 Bb4 5. a3 Bxc3 6. dxc3 Nxe4 7. Nxe5 Nxe5 8.
Qd4 O-O 9. Qxe4 d5 10. Qd4 Nc6 11. Qf4 Re8+ 12. Be3 Ne7 13. O-O-O c6 14. Bd3 Ng6
15. Qg3 Qh4 16. Rhe1 Qxg3 17. fxg3 Bd7 18. Bd4 a6 19. c4 Be6 20. c5 Bd7 21. Kd2
f6 22. Kc3 a5 23. Bf1 Kf7 24. Kb3 Ne5 25. Re3 Bf5 26. Rde1 Nd7 27. Rxe8 Rxe8 28.
Rxe8 Kxe8 29. c3 Ne5 30. Bxe5 fxe5 31. Ka4 d4 32. cxd4 exd4 33. Kb3 Be6+ 34. Bc4
Ke7 35. g4 Kf6 36. Bxe6 Kxe6 37. Kc4 Ke5 38. b4 axb4 39. axb4 Ke4 0-1

[Event "Titled Tue 20th May Late"]
[Site "chess.com INT"]
[Date "2025.05.20"]
[Round "5"]
[White "Jacobsen, Mikkel Manosri"]
[Black "Kaasen, Tor Fredrik"]
[Result "0-1"]
[WhiteTitle "FM"]
[BlackTitle "IM"]
[WhiteElo "2223"]
[BlackElo "2471"]
[WhiteFideId "1444514"]
[BlackFideId "1516647"]
[EventDate "2025.05.20"]

1. d4 Nf6 2. Nf3 e6 3. Bf4 b6 4. e3 Bb7 5. Nbd2 Bd6 6. Bd3 O-O 7. O-O Re8 8. c3
Nc6 9. Ne5 Bf8 10. Bg5 d6 11. Nxc6 Bxc6 12. e4 e5 13. f4 Be7 14. Qf3 h6 15. Bxf6
Bxf6 16. fxe5 dxe5 17. d5 Bd7 18. a4 Qe7 19. Bb5 Bxb5 20. axb5 Qc5+ 21. Kh1 Qxb5
22. b4 a5 23. bxa5 Rxa5 24. c4 Qb2 25. Rad1 Ra3 26. Qf5 Rd3 27. Nf3 Rxd1 28.
Rxd1 Qc2 29. Ra1 Qxc4 30. h3 b5 31. Rb1 b4 32. Ra1 b3 33. Ra7 b2 34. Rb7 Qc1+
35. Kh2 b1=Q 36. Rxb1 Qxb1 0-1

[Event "Titled Tue 20th May Late"]
[Site "chess.com INT"]
[Date "2025.05.20"]
[Round "5"]
[White "Rustemov, Alexander"]
[Black "Bouska, Jiri"]
[Result "1-0"]
[WhiteTitle "GM"]
[BlackTitle "FM"]
[WhiteElo "2525"]
[BlackElo "2318"]
[WhiteFideId "4119002"]
[BlackFideId "23722223"]
[EventDate "2025.05.20"]

1. d4 d5 2. c4 e6 3. cxd5 exd5 4. Nc3 Nf6 5. Nf3 a6 6. Bf4 Bd6 7. Bxd6 Qxd6 8.
Qc2 O-O 9. e3 h6 10. h3 Be6 11. Bd3 Nbd7 12. O-O c5 13. dxc5 Nxc5 14. Rfd1 Rac8
15. Be2 Qb6 16. Qd2 Nfe4 17. Nxe4 dxe4 18. Nd4 Rfd8 19. b3 Bd5 20. Rac1 g6 21.
Bg4 f5 22. Be2 Ne6 23. Rxc8 Rxc8 24. Nxf5 gxf5 25. Qxd5 Rc5 26. Qd7 Qc6 27. Qe7
Rc1 28. Rxc1 Qxc1+ 29. Bf1 Nc5 30. Qf6 Nd3 31. Qxf5 1-0

[Event "Titled Tue 20th May Late"]
[Site "chess.com INT"]
[Date "2025.05.20"]
[Round "5"]
[White "Khanbutaev, Artemii"]
[Black "Manvelyan, Mikayel"]
[Result "0-1"]
[BlackTitle "FM"]
[WhiteElo "2059"]
[BlackElo "2362"]
[WhiteFideId "55747175"]
[BlackFideId "13310143"]
[EventDate "2025.05.20"]

1. d4 d5 2. c4 e6 3. Nf3 Nf6 4. g3 Be7 5. Bg2 O-O 6. O-O dxc4 7. Qc2 a6 8. Qxc4
b5 9. Qc2 Bb7 10. Bd2 Be4 11. Qc1 Nc6 12. Be3 Nb4 13. Nbd2 Bb7 14. Nb3 Bd5 15.
Ne5 Bxg2 16. Kxg2 Nxa2 17. Rxa2 Qd5+ 18. f3 Qxb3 19. Ra5 Bb4 20. Ra1 Bd6 21. Nc6
Nd5 22. Bf2 Nb4 23. Ra3 Qd5 24. Na5 Na2 25. Qd1 Bxa3 26. bxa3 b4 27. e3 Qxa5 28.
Qc2 Qxa3 0-1

[Event "Titled Tue 20th May Late"]
[Site "chess.com INT"]
[Date "2025.05.20"]
[Round "5"]
[White "Bratovic, Blaz"]
[Black "Hariharan, Shambavi"]
[Result "1-0"]
[WhiteTitle "IM"]
[BlackTitle "WCM"]
[WhiteElo "2319"]
[BlackElo "1892"]
[WhiteFideId "14603551"]
[BlackFideId "488160"]
[EventDate "2025.05.20"]

1. e4 e5 2. Nf3 Nc6 3. Bb5 a6 4. Ba4 Nf6 5. O-O Be7 6. d3 b5 7. Bb3 d6 8. a3 Bg4
9. c3 O-O 10. h3 Bh5 11. Be3 Nb8 12. Nbd2 Nbd7 13. g4 Bg6 14. Kg2 Re8 15. Nh4
Nf8 16. Qf3 c6 17. Nf5 Ne6 18. Rh1 d5 19. Nf1 d4 20. Bc1 Nc5 21. Bc2 Bf8 22.
N1g3 Ne6 23. h4 Bxf5 24. Nxf5 c5 25. Bg5 h6 26. Nxh6+ Kh7 27. Nf5 Kg8 28. Rad1
g6 29. Bxf6 Qxf6 30. Nh6+ Kg7 31. Qxf6+ Kxf6 32. g5+ Kg7 33. Ng4 Nf4+ 34. Kf3
Be7 35. cxd4 cxd4 36. Bb3 Rac8 37. Nxe5 Bxg5 38. hxg5 Rxe5 39. Kxf4 1-0

[Event "Titled Tue 20th May Late"]
[Site "chess.com INT"]
[Date "2025.05.20"]
[Round "5"]
[White "Bagheri, Maziar"]
[Black "Grot, Blazej"]
[Result "1-0"]
[WhiteTitle "FM"]
[BlackTitle "CM"]
[WhiteElo "2287"]
[BlackElo "2217"]
[WhiteFideId "12530913"]
[BlackFideId "21835845"]
[EventDate "2025.05.20"]

1. e4 e6 2. d4 d5 3. Nd2 c5 4. exd5 exd5 5. Ngf3 Nc6 6. dxc5 Bxc5 7. Nb3 Be7 8.
Be2 Nf6 9. O-O O-O 10. Bf4 h6 11. c3 Re8 12. Re1 Bf8 13. Nbd4 Bg4 14. Qb3 Na5
15. Qa4 a6 16. Rad1 Rc8 17. Ne5 Bxe2 18. Rxe2 Bd6 19. Nxf7 Kxf7 20. Bxd6 Rc4 21.
Bb4 Rxd4 22. cxd4 Rxe2 23. Bxa5 Qd6 24. Qb3 b5 25. Bd2 Kg8 26. Be3 Kh7 27. Qd3+
Kg8 28. Qxe2 Qe6 29. Qf3 Qc6 30. Rc1 Qd7 31. Qh3 Qb7 32. Qc8+ Qxc8 33. Rxc8+ Kf7
34. Rc6 Ke7 35. Rxa6 Kd7 36. Ra7+ Kc6 37. Rxg7 Ne4 38. Rg6+ 1-0

[Event "Titled Tue 20th May Late"]
[Site "chess.com INT"]
[Date "2025.05.20"]
[Round "5"]
[White "Zilberstein, Dmitry"]
[Black "Pereyra, Horacio"]
[Result "0-1"]
[WhiteTitle "IM"]
[WhiteElo "2358"]
[BlackElo "2133"]
[WhiteFideId "2010739"]
[BlackFideId "113700"]
[EventDate "2025.05.20"]

1. e4 c6 2. Nf3 d5 3. Nc3 dxe4 4. Nxe4 Nf6 5. Nxf6+ exf6 6. d4 Bd6 7. Be3 O-O 8.
Bd3 Re8 9. h3 Nd7 10. O-O Nf8 11. c4 Bb8 12. Re1 Qc7 13. Bf1 Ng6 14. g3 Bf5 15.
Bg2 Qd8 16. d5 cxd5 17. cxd5 Be4 18. Nh2 Bxg2 19. Kxg2 Bd6 20. Qb3 Qd7 21. Rad1
Rac8 22. Nf3 a6 23. Bd4 b5 24. Rxe8+ Rxe8 25. Rc1 h5 26. Qc2 h4 27. Qc6 Qd8 28.
Bb6 Qb8 29. Bc7 Bxc7 30. Qxc7 hxg3 31. Qxb8 Rxb8 32. fxg3 Rd8 33. Rd1 Ne7 34. d6
Nf5 35. d7 Ne3+ 0-1

[Event "Titled Tue 20th May Late"]
[Site "chess.com INT"]
[Date "2025.05.20"]
[Round "5"]
[White "Hernandez Bermudez, Ulises Eduardo"]
[Black "Shevkunov, Vladyslav"]
[Result "1-0"]
[WhiteElo "2042"]
[BlackElo "2073"]
[WhiteFideId "3902510"]
[BlackFideId "30953448"]
[EventDate "2025.05.20"]

1. e4 c5 2. c3 e6 3. d4 cxd4 4. cxd4 d5 5. e5 Nc6 6. Nf3 Nge7 7. Bd3 Ng6 8. Nc3
Be7 9. h4 Nxh4 10. Nxh4 Bxh4 11. g3 Be7 12. Qg4 Bf8 13. Bxh7 Qb6 14. Ne2 Qb4+
15. Kf1 Nxe5 16. Qh5 Nc6 17. Be3 Qxb2 18. Kg2 Bd7 19. Rab1 Qxa2 20. Rxb7 Rxh7
21. Qxh7 Qxe2 22. Qg8 Qc2 23. Rc1 Qe4+ 24. Kg1 O-O-O 25. Rxa7 Kb8 26. Rxd7 Rxd7
27. Rxc6 Rd8 28. Qxf7 Qb1+ 29. Rc1 Qb7 30. Qxe6 Qd7 31. Rb1+ Ka8 32. Qa6+ Qa7
33. Qc6+ Qb7 34. Qxb7# 1-0